| 000 -ლიდერი |
| ფიქსირებული სიგრძის საკონტროლო ველი |
00825nam a22001937a 4500 |
| 003 - საკონტროლო ნომრის იდენტიფიკატორი |
| საკონტროლო ველი |
Ge_BSU |
| 005 - ბოლო ოპერაციის თარიღი და დრო |
| საკონტროლო ველი |
20200128155414.0 |
| 008 - ფიქსირებული სიგრძის მონაცემთა ელემენტები - ზოგადი ინფორმაცია |
| ფიქსირებული სიგრძის საკონტროლო ველი |
200128s2006 ||||| |||| 00| 0 geo d |
| 020 ## - წიგნის საერთაშორისო სტანდარტული ნომერი |
| International Standard Book Number |
9992828293 |
| 041 ## - ენის კოდი |
| Language code of text/sound track or separate title |
geo |
| 080 ## - უნივერსალური ათობითი კლასიფიკაციის ინდექსი |
| Universal Decimal Classification number |
341 ა-48 |
| 100 ## - მთავარი ჩანაწერი - პიროვნების სახელი |
| Personal name |
ალექსიძე, ლევან. |
| 9 (RLIN) |
163 |
| 245 ## - ცნობა სათაურის შესახებ |
| Title |
თანამედროვე საერთაშორისო სამართალი / |
| Statement of responsibility, etc |
ლევან ალექსიძე ; რედ. კოტე კორკელია. |
| 264 ## - წარმოების, გამოცემის, დისტრიბუციის და სხვა ცნობები |
| გამოცემის, წარმოების, დისტრიბუციის... ადგილი |
თბილისი : |
| გამოცემის, წარმოების, დისტრიბუციის... სახელწოდება |
ინოვაცია, |
| გამოცემის, წარმოების, დისტრიბუციის... თარიღი |
2006. |
| 300 ## - ფიზიკური აღწერა |
| Extent |
511 გვ. ; |
| Dimensions |
20 სმ. |
| 653 ## - INDEX TERM--UNCONTROLLED |
| Uncontrolled term |
საერთაშორისო სამართალი |
| 700 ## - ADDED ENTRY--PERSONAL NAME |
| Personal name |
კორკელია, კოტე |
| Relator term |
რედაქტორი |
| 9 (RLIN) |
6439 |
| 942 ## - ADDED ENTRY ELEMENTS (KOHA) |
| Source of classification or shelving scheme |
|
| Koha item type |
წიგნი |